| 000 | 01077nam0a22003251 4500 | ||
|---|---|---|---|
| 001 | rc\2776762 | ||
| 005 | 20250810045732.0 | ||
| 010 |
_bВ пер. _d10 р. 50 к. _94000 |
||
| 021 |
_aRU _b41-9794 |
||
| 035 | _a(NLR Aleph) 006903048 | ||
| 090 |
_a7267814 _c7267814 |
||
| 100 | _a20110915d1941 k y0rusy50 ca | ||
| 101 | 0 | _arus | |
| 102 | _aRU | ||
| 105 | _aa z ||||| | ||
| 200 | 1 |
_aБыстросменные вырезные штампы _fП.Я. Пытьев |
|
| 210 |
_aМосква _cОборонгиз _d1941 _eнапеч. в Киеве |
||
| 215 |
_a242 с., 4 вкл. л. черт. _cил., черт. _d22 |
||
| 606 | 1 |
_aШтампы вырезные _91334586 _3RU\NLR\AUTH\66240654 |
|
| 686 | 0 |
_aК623.32-65 _2rubbk |
|
| 700 | 1 |
_aПытьев _bП. Я. _gПетр Яковлевич |
|
| 801 | 0 |
_aRU _bNLR _gpsbo |
|
| 801 | 1 |
_aRU _bELAR _2rusmarc |
|
| 801 | 2 |
_aRU _bNLR _c20180115 _2rusmarc |
|
| 852 |
_aNLR _jТ36 Г-5/8 |
||
| 942 | _cBOOK | ||
| 945 | _aРоссийская национальная библиотека | ||
| 980 | _aNB | ||
| 980 | _aBV | ||